000 00294nam a22001337a 4500
008 181224b xxu||||| |||| 00| 0 eng d
020 _a0205097014
041 _aeng
080 _a540
100 _a12
101 _aKIM
245 _aChemistry the Study of Matter
_cDorin,H
942 _2udc
_cBK
999 _c53731
_d53731